Responses for Show #7272 - Tuesday, April 5, 2016

Contestants

[<< previous game]

Toni Johnson, a retail sales associate from Charlotte, North Carolina

Jeff Crosby, a youth ministry consultant from Rochester, New York

Udit Banerjea, an international relations graduate student from Washington, D.C. (whose 1-day cash winnings total $21,300)

[next game >>]

Jeopardy! Round responses

ALL THE PRESIDENTS' CHILDREN
FROM THE GERMAN
OFFICIAL STATE ANIMALS
TRANS"PO"TATION
THE BEATLES... GEAR!
INDIRECT QUOTES
(Alex: In which you have to correct the part that is in parentheses.)
    $200 10
Jenna Bush

Toni
    $200 20
(Toni: What is haus?)

fest

JeffToni
    $200 30
a manatee

Udit
    $200 25
(Alex: That's right, with about a minute to go.)

a pogo stick

Toni
    $200 1
drums

Jeff
    $200 15
power

Udit
    $400 11
Chelsea Clinton

Toni
    $400 21
flak

Udit
    $400 29
(Jeff: Donkey?)

a mule

JeffToni
    $400 2
a police car

Jeff
    $400 6
amplifiers

Udit
    $400 16
colorblindness

Toni
    $600 12
(Toni: Who is Tod?)

Tad

JeffToni
    $600 22
wanderlust

Jeff
    $600 26
a grizzly

Udit
    $600 3
(Udit: Who is the pope?)

the Popemobile

UditJeff
    $600 7
(Jeff: What is a guitar?)
(Alex: Be more specific.)
(Jeff: What is an electric guitar?)

a bass

UditJeff
    $600 17
immortality

Triple Stumper
    $800 13
Ansel Adams

Udit
    $800 23
a blitz

Udit
    $800 28
a thoroughbred

Toni
    $800 4
Porsche

Jeff
    $800 8
pianos

Triple Stumper
    $800 18
mass

Jeff
    $1,000 14
(Alex: And he looks like his father, doesn't he?)

Eisenhower

Udit
    $1000 24
quartz

Udit
    $1000 27
a falcon

Jeff
    $1000 5
the Port Authority

Udit
    $1000 9
(Eric) Clapton

Udit
    $1000 19
Monopoly

Toni

Scores at the first commercial break (after clue 14):

Udit Jeff Toni
$4,200 $2,000 $0

Scores at the end of the Jeopardy! Round:

Udit Jeff Toni
$7,400 $4,200 $2,600

Double Jeopardy! Round responses

SUTTER'S FORT
TOUGH EUROPEAN CAPITALS
A LITERARY MARY
MOVIE COMMON THREADS
FAMOUS PAIRS
THE "X" FACTOR
(Alex: And the X, the letter X will either be the first or the second letter in each correct response.)
    $400 26
Switzerland

Jeff
    $400 4
Croatia

Jeff
    $400 1
(Dr.) Watson

Toni
    $400 25
Hustle

Udit
    $400 12
(Udit: Who are Siegfried and Roy?)

Penn & Teller

Udit
Triple Stumper
    $400 19
an axle

Jeff
    $800 27
the San Francisco earthquake

Jeff
    $800 7
Cyprus

Jeff
    $800 2
(Laura) Ingalls Wilder

Jeff
    $800 24
Manhattan

Udit
    $2,000 13
Siskel & Ebert

Udit
    $800 20
a xylophone

Udit
    $1200 28
brandy

Jeff
    $1200 3
Belarus

Udit
    $1200 9
(Alex: We'll accept that.)

(Mary) Shelley

Jeff
    $1200 16
Spies

Udit
    $1200 8
Bonnie & Clyde

Toni
    $1200 21
Xanax

Udit
    $1600 29
hardtack

Jeff
    $1600 5
Malta

Jeff
    $3,000 10
(Jeff: Who is Lancelot?)

Merlin

Jeff
    $1600 11
in the Valley

Udit
    $1600 14
Gilbert & Sullivan

Jeff
    $1600 22
an exacta

Toni
    $2000 30
(John C.) Frémont

Udit
    $2000 6
(Jeff: What is...)
(Udit: What is Albania?)

Montenegro

UditJeff
Triple Stumper
    $2000 18
(Alexander) Portnoy

Jeff
    $2000 17
Down

Toni
    $2000 15
Simon & Schuster

Toni
    $2000 23
(Toni: What's an apex?)

extremity

Toni
Triple Stumper

Scores at the end of the Double Jeopardy! Round:

Udit Jeff Toni
$16,200 $12,000 $7,800

[wagering suggestions for these scores]

Final Jeopardy! Round responses

FOOD & DRINK
(Alex: [To Toni] You went for the company, instead of the product.)
...
(Alex: Hefeweizen is also known as a wheat beer, and the cereal is [*].)
ToniWhat is General Mills?
$7,700
JeffWhat is Grape Nuts?
$3,600
UditWhat is Kellogg's
$8,000
Wheaties

Final scores:

Udit Jeff Toni
$8,200 $8,400 $100
2nd place: $2,000 New champion: $8,400 3rd place: $1,000

Game dynamics:

Coryat scores:

Udit Jeff Toni
$15,000 $15,000 $7,800
21 R
(including 2 DDs),
3 W
21 R,
4 W
(including 1 DD)
12 R,
3 W

Combined Coryat: $37,800

[game clues] [game scores] [suggest correction]

Game tape date: 2016-02-23
The J! Archive is created by fans, for fans. Scraping, republication, monetization, and malicious use prohibited; this site may use cookies and collect identifying information. See terms. The Jeopardy! game show and all elements thereof, including but not limited to copyright and trademark thereto, are the property of Jeopardy Productions, Inc. and are protected under law. This website is not affiliated with, sponsored by, or operated by Jeopardy Productions, Inc. Join the discussion at JBoard.tv.